Statistics for Jon Favreau Films

Click here to take the quiz!

General Stats

  • This quiz has been taken 113 times
  • The average score is 3 of 6

Answer Stats

YearMovie% Correct
2008Iron Man
98%
2010Iron Man 2
91%
2003Elf
49%
2001Made
36%
2011Cowboys & Aliens
33%
2005Zathura
23%

Score Distribution

Percentile by Number Answered

Percent of People with Each Score

Your Score History

You have not taken this quiz